• 首页
  • 本馆介绍
  • 公告通知
  • 最新文献
  • 馆藏检索
  • 电子资源
  • 读者导购
  • 参考咨询
  • 我的图书馆
  • 登录
  • 详细信息显示
  • 放入我的书架
  • 预约/预借图书
  • 作者相关作品
  • 分类相关作品
  • 丛书相关作品
  • 出版社相关作品

书目信息

  • 表格格式
  • 工作单格式
  • 卡片格式
题名:
家畜解剖学实习图
    
 
作者: 马仲华 编著
分册:  
出版信息: 北京   农业出版社  199405(20007重印)
页数: 90页
开本: 26cm
丛书名:
单 册:
中图分类: S852.1-64
科图分类:
主题词: 兽医学
电子资源:
ISBN: 7-109-02790-2
000 00632nam0 2200217 450
001 0334895101
005 20031218094134.55
010    @a7-109-02790-2@dCNY8.40
100    @a20031218d1994 km y0chiy0120 ea
101 0  @achi
102    @aCN@b110000
200 1  @a家畜解剖学实习图@Ajia chu jie pou xue shi xi tu@f马仲华编著@Fma zhong hua bian zhu
210    @a北京@c农业出版社@d199405(20007重印)
215    @a90页@d26cm
300    @a兽医、畜牧专业用
300    @a全国高等农业院校教材
606 0  @a兽医学
690    @aS852.1-64@v4
701  0 @a马仲华@Ama zhong hua@4编著
801  0 @aCN@bPFT@c20031218
905    @aBZT@dS852.1-64@e1@f8
    
    家畜解剖学实习图/马仲华编著.-北京:农业出版社,199405(20007重印)
    90页;26cm
    兽医、畜牧专业用.-全国高等农业院校教材
    
    ISBN 7-109-02790-2:CNY8.40
    
●
相关链接 在五车中查询图书 在当当中查询图书 在豆瓣中查询图书


正题名:家畜解剖学实习图     索取号:S852.1-64/1         预约/预借

序号 登录号 条形码 馆藏地/架位号 状态 备注
1 0348734   201347471   样本书库/样002架A面4层2列/ [索取号:S852.1-64/1] 在馆    
2 0348735   201347444   中心书库中库/ 中库031架A面2列1层7/ [索取号:S852.1-64/1] 在馆    
3 0348736   201347453   中心书库中库/ 中库031架A面2列1层6/ [索取号:S852.1-64/1] 在馆    
4 0348737   201347426   中心书库中库/ 中库031架A面2列1层5/ [索取号:S852.1-64/1] 在馆    
5 0348738   201347435   中心书库中库/ 中库031架A面2列1层8/ [索取号:S852.1-64/1] 在馆    
6 0348739   201347408   中心书库中库/ 中库031架A面2列4层1/ [索取号:S852.1-64/1] 在馆    
7 0348741   201347382   中心书库中库/ 中库031架A面2列1层26/ [索取号:S852.1-64/1] 在馆    
山东省滨州职业学院图书馆 欢迎您!
大连网信软件有限公司© 版权所有